000 02223nam a2200289Ia 4500
999 _c47813
_d47813
001 14687
003 GE_BSU
005 20241119143302.0
008 181216s2015||||ge |||||||||||||| ||geo||
020 _a9789941218767
040 _cGE_BSU
041 _ageo
080 _a27-36 წ-71
245 _aწმინდა ანდრია-კრიტელი მთავარეპისკოპოსი ; წმინდა ღირსმოწამე ანდრია კრიტელი ; სხვადასხვა დროის წმინდა მამანი და დედანი /
_cშემდგენელი კახაბერ კენკიშვილი ; გარეკანის დიზაინი ეთერ გზირიშვილი.
264 _aთბილისი :
_bპალიტრა L,
_c2015.
300 _a165 გვ. ;
_c20 სმ.
490 _aსაქართველოს იმედი II : ყველა წმინდანი, რომელთა შესახებაც უნდა იცოდე, 2298-0547 / პროექტის რედაქტორი თამარ მამაცაშვილი.
_vწ. 14
500 _aიბეჭდება სრულიად საქართველოს კათოლიკოს-პატრიარქის, უწმინდესისა და უნეტარესის ილია II-ის ლოცვა-კურთხევით
541 _h2ლ.
653 _aრელიგია
653 _aსხვადადსხვა დროის წმინდა მამანი და დედანი
653 _aწმინდა ღირსმოწამე ანდრია კრიტელი
653 _aწმინდა-ანდრია-კრიტელი მთავარეპისკოპოსი
700 _aმამაცაშვილი, თამარ
_eპროექტის რედაქტორი
_923744
700 _aგზირიშვილი, ეთერ
_eგარეკანის დიზაინერი
_923745
942 _cBK
_2udc